Statistics for World Capitals Closest to Hong Kong - Two Minute Sprint

Click here to take the quiz!

General Stats

  • This quiz has been taken 31 times
  • The average score is 16 of 20

Answer Stats

kmcapitalmiles% Correct
1974Beijing1227
100%
1728Bangkok1074
96%
873Hanoi543
96%
2521Kuala Lumpur1566
96%
2099Seoul1304
96%
814Taipei506
96%
2886Tokyo1793
96%
3266Jakarta2030
89%
1116Manila694
89%
2584Singapore1606
89%
2167Pyongyang1347
86%
2437Dhaka1540
82%
2924Ulaanbaatar1817
82%
2966Kathmandu1843
75%
1549Phnom Penh963
71%
2540Thimphu1578
71%
1297Vientiane806
68%
1935Bandar Seri
Begawan
1202
64%
1899Naypyidaw1180
54%
2740Ngerulmud1703
36%

Score Distribution

Percentile by Number Answered

Percent of People with Each Score

Your Score History

You have not taken this quiz